00755nam a2200217 a 450000100060000000300090000600800410001502000150005604000280007108200180009910000290011724500390014626000330018530000110021859000640022965000280029365000340032194200120035599900170036795201530038419044CO-ViMGA141112s2004 ck r 000 u spa d a9701027825 aCO-ViMGAbspacCO-ViMGA04a636.108 S181s1 aSavage, Catherine92729710aSecretos de la medicina de equinos aMexico : bMcGraw Hill; 1999 a381 p. aForma de adquisición : Proyecto 2005 - - Precio : 53.10014aCABALLOS - ENFERMEDADES14aEQUINOS - ENFERMEDADES927298 2ddccBK c28230d28230 00102ddc40708002aMEVIECARbMEVIECARd2015-12-04hVolumen. 1 | 11/jun/2009l0o636.108 S181s p19044r2015-12-04 00:00:00tEj. 1w2015-12-04yBK